01129cam a2200265 a 450000100060000000300080000600500170001400800410003102000240007203500190009604000320011504100080014708200250015510000380018024500390021826001310025730000220038850400410041050501520045165000690060365000240067294200120069699900170070895201380072562696BD-RjUL20211209081119.0840509s1984 nyu b 001 0 eng  a0940450224 c$27.50 a(BD-RjUL)62823 aDLCcDLCdDLCdBD-RjULbeng aeng00a809.034223bJAE19841 aJames, Henry,d1843-1916.918636210aLiterary criticism /cHenry James. aNew York :bLiterary Classics of the United States :bDistributed to the trade in the U.S. and Canada by Viking Press,cc1984. a1484 p. ;c21 cm. aIncludes bibliographies and indexes.0 a[1]. Essays on literature. American writers. English writers -- [[2]. French writers. Other European writers. The prefaces to the New York edition. 0aLiterature, Moderny19th centuryxHistory and criticism.9186364 0aLiterature.9177187 2ddccBK c62696d62696 00102ddc40718NFICaRUCLbRUCLcReadingd1994-07-11eAsia foundationl0o809.034 JAE1984r2017-01-25 00:00:00tC-1w2021-12-09yBK